[Event "Frankfurt-chA"]
[Site "Frankfurt"]
[Date "2012.06.04"]
[Round "5"]
[White "Roggensack, Hans Peter"]
[Black "Orlinski, Wolfgang Max"]
[Result "0-1"]
[WhiteElo "1822"]
[BlackElo "1985"]
[PlyCount "70"]
[EventDate "2012.04.30"]
[EventType "swiss"]
[EventRounds "7"]
[EventCountry "GER"]
[SourceTitle "EXT 2013"]
[Source "ChessBase"]
[SourceDate "2012.11.22"]
[SourceVersion "1"]
[SourceVersionDate "2012.11.22"]
[SourceQuality "1"]

1. e4 d6 2. d4 c6 3. Be3 Qc7 4. c4 e5 5. Nf3 Nf6 6. Nc3 Bg4 7. Be2 Nbd7 8. Nd2 Bxe2 9. Qxe2 Be7 10. 0-0 Nf8 11. Rac1 exd4 12. Bxd4 Ne6 13. Be3 0-0 14. b4 a5 15. b5 Nd7 16. Na4 Ndc5 17. Nc3 Bf6 18. Nb3 Bxc3 19. Nxc5 dxc5 20. Rxc3 Qe5 21. Qc2 Nd4 22. Bxd4 cxd4 23. Rb3 a4 24. Rb4 c5 25. Rxa4 Rxa4 26. Qxa4 Qxe4 27. Qa7 Rc8 28. Qa3 b6 29. Rd1 Re8 30. h3 Qe2 31. Qb3 Re6 32. a4 Rf6 33. Rf1 d3 34. a5 d2 35. a6 Rxf2 0-1

[Event "Frankfurt-chA"]
[Site "Frankfurt"]
[Date "2012.05.31"]
[Round "4"]
[White "Orlinski, Wolfgang Max"]
[Black "Haftmann, Rainer"]
[Result "1-0"]
[WhiteElo "1985"]
[BlackElo "1845"]
[PlyCount "73"]
[EventDate "2012.04.30"]
[EventType "swiss"]
[EventRounds "7"]
[EventCountry "GER"]
[SourceTitle "EXT 2013"]
[Source "ChessBase"]
[SourceDate "2012.11.22"]
[SourceVersion "1"]
[SourceVersionDate "2012.11.22"]
[SourceQuality "1"]

1. d4 Nf6 2. Bf4 d5 3. e3 Bf5 4. Nf3 e6 5. Be2 Bd6 6. Ne5 0-0 7. g4 Bg6 8. h4 h6 9. Nc3 Bb4 10. Nxg6 fxg6 11. Qd3 Ne4 12. f3 Nxc3 13. bxc3 Bd6 14. Bxd6 cxd6 15. Qxg6 Rf6 16. Qd3 Rf8 17. Rb1 b6 18. f4 Qe8 19. g5 h5 20. g6 Rf5 21. Rg1 Nd7 22. Qb5 Qe7 23. Rg5 Nf6 24. Bd3 Ne4 25. Bxe4 dxe4 26. Qc6 Raf8 27. Qxe4 d5 28. Qd3 Qa3 29. Kd2 Qxa2 30. Rbg1 a6 31. Qe2 Qc4 32. Qxh5 Rc8 33. Qh7+ Kf8 34. Qh8+ Ke7 35. Qxg7+ Kd8 36. Qf8+ Kc7 37. Qxc8+ 1-0

[Event "Frankfurt-chA"]
[Site "Frankfurt"]
[Date "2012.04.30"]
[Round "1"]
[White "Becker, Karl Heinz"]
[Black "Orlinski, Wolfgang Max"]
[Result "0-1"]
[WhiteElo "1652"]
[BlackElo "1985"]
[PlyCount "80"]
[EventDate "2012.04.30"]
[EventType "swiss"]
[EventRounds "7"]
[EventCountry "GER"]
[SourceTitle "EXT 2013"]
[Source "ChessBase"]
[SourceDate "2012.11.22"]
[SourceVersion "1"]
[SourceVersionDate "2012.11.22"]
[SourceQuality "1"]

1. Nf3 c5 2. g3 Nc6 3. Bg2 d5 4. d4 e6 5. 0-0 Nf6 6. c3 Be7 7. Nbd2 0-0 8. dxc5 Bxc5 9. Nb3 Be7 10. Nbd4 Ne4 11. Be3 f5 12. Nxc6 bxc6 13. Ne5 Qc7 14. Nd3 c5 15. f3 Nf6 16. Kh1 e5 17. Qc2 c4 18. Nf2 Be6 19. Rad1 Bc5 20. Bxc5 Qxc5 21. Nh3 h6 22. f4 Ng4 23. fxe5 Ne3 24. Qd2 Nxf1 25. Rxf1 Rad8 26. Nf4 Rfe8 27. Nxe6 Rxe6 28. Rxf5 d4 29. cxd4 Rxd4 30. Qc2 Rxe5 31. Rf1 Re7 32. e4 Rf7 33. Re1 Qb4 34. Re2 Rfd7 35. h3 Rd2 36. Rxd2 Rxd2 37. Qc1 Rxb2 38. Qf4 Qd2 39. Qf3 c3 40. e5 Qxg2+ 0-1

[Event "Frankfurt-ch"]
[Site "Frankfurt"]
[Date "2010.05.17"]
[Round "4"]
[White "Orlinski, Wolfgang Max"]
[Black "Graebner, Walter"]
[Result "1-0"]
[WhiteElo "1967"]
[BlackElo "2053"]
[PlyCount "81"]
[EventDate "2010.04.26"]
[EventType "swiss"]
[EventRounds "7"]
[EventCountry "GER"]
[SourceTitle "EXT 2011"]
[Source "ChessBase"]
[SourceDate "2010.11.26"]
[SourceVersion "1"]
[SourceVersionDate "2010.11.26"]
[SourceQuality "1"]

1. d4 Nf6 2. Bf4 d6 3. e3 g6 4. Nf3 Bg7 5. c4 0-0 6. Nc3 Nh5 7. Bg5 c6 8. Be2 Qc7 9. Nd2 Nf6 10. h4 h6 11. Bxf6 Bxf6 12. g4 e5 13. d5 Qe7 14. Nde4 Rd8 15. h5 g5 16. Qd2 c5 17. f3 Na6 18. Bd3 Nc7 19. Bc2 Bg7 20. Ng3 Ne8 21. Bf5 Nf6 22. Nce4 Rb8 23. Qd3 Qc7 24. 0-0 Nd7 25. a3 b5 26. b3 Ba6 27. Bxd7 Qxd7 28. Nf5 Qc7 29. Qc3 Bc8 30. Neg3 f6 31. Rfb1 Re8 32. cxb5 Rxb5 33. e4 Bd7 34. b4 Qb6 35. Kg2 cxb4 36. Rxb4 Rb8 37. Rab1 Qa5 38. Rxb5 Qxc3 39. Rxb8+ Kh7 40. Nxg7 Kxg7 41. R1b7 1-0

[Event "Giessen op"]
[Site "Giessen"]
[Date "2009.??.??"]
[Round "6"]
[White "Orlinski, Wolfgang Max"]
[Black "Henrich, Thomas"]
[Result "0-1"]
[WhiteElo "2025"]
[BlackElo "2195"]
[PlyCount "74"]
[EventDate "2009.??.??"]
[EventType "swiss"]
[EventRounds "7"]
[EventCountry "GER"]
[SourceTitle "EXT 2011"]
[Source "ChessBase"]
[SourceDate "2010.11.26"]
[SourceVersion "1"]
[SourceVersionDate "2010.11.26"]
[SourceQuality "1"]

1. d4 Nf6 2. Bf4 d6 3. e3 g6 4. Nf3 Nh5 5. Bg5 c6 6. c3 Qb6 7. Qc1 Bg7 8. Nbd2 h6 9. Bh4 g5 10. Bg3 Bf5 11. e4 Bg6 12. Bd3 Nd7 13. Nc4 Qc7 14. Ne3 e5 15. Qc2 0-0-0 16. 0-0-0 Rhe8 17. Rhe1 Nf4 18. Bxf4 gxf4 19. Nf5 Bxf5 20. exf5 exd4 21. cxd4 Rxe1 22. Rxe1 Qa5 23. Qd2 Qxa2 24. Qxf4 Nc5 25. Bc2 Qa1+ 26. Kd2 Qa5+ 27. Kd1 Be5 28. Rxe5 dxe5 29. Qxe5 Qa1+ 30. Kd2 Nd7 31. Qd6 Qxb2 32. Qxh6 c5 33. Qd6 cxd4 34. Ne1 Qc3+ 35. Kd1 Nc5 36. Qe5 Qc4 37. f6 d3 0-1

[Event "Giessen op"]
[Site "Giessen"]
[Date "2009.??.??"]
[Round "2"]
[White "Orlinski, Wolfgang Max"]
[Black "Schmieja, Norbert"]
[Result "1-0"]
[WhiteElo "2025"]
[BlackElo "1720"]
[PlyCount "107"]
[EventDate "2009.??.??"]
[EventType "swiss"]
[EventRounds "7"]
[EventCountry "GER"]
[SourceTitle "EXT 2011"]
[Source "ChessBase"]
[SourceDate "2010.11.26"]
[SourceVersion "1"]
[SourceVersionDate "2010.11.26"]
[SourceQuality "1"]

1. c4 e5 2. Nc3 Nc6 3. g3 Nf6 4. Bg2 Bc5 5. e3 0-0 6. a3 a5 7. Nge2 Re8 8. 0-0 e4 9. d4 exd3 10. Nf4 Ne5 11. Nxd3 Nxd3 12. Qxd3 d6 13. b3 Ng4 14. Ne4 Ne5 15. Qc3 Bb6 16. Bb2 f6 17. h3 Qe7 18. Nd2 c6 19. e4 Qf7 20. Nf3 Qg6 21. Nxe5 dxe5 22. c5 Bc7 23. Rad1 Be6 24. Rd3 Rad8 25. Rfd1 Rxd3 26. Rxd3 Rd8 27. Rxd8+ Bxd8 28. Qd2 Bc7 29. Bc3 Qf7 30. Bxa5 Bxb3 31. Bf1 Be6 32. Qb4 Bxa5 33. Qxa5 h6 34. Qb4 Kh7 35. a4 Qd7 36. a5 g5 37. Kh2 Kg6 38. Qb2 h5 39. Qb4 Qc7 40. Qb6 Qd7 41. Qb2 Qc7 42. Qd2 Qd7 43. Qxd7 Bxd7 44. h4 g4 45. Kg2 f5 46. f3 gxf3+ 47. Kxf3 fxe4+ 48. Kxe4 Kf6 49. Bg2 Bf5+ 50. Ke3 Bd7 51. Bf3 Be8 52. g4 hxg4 53. Bxg4 Bf7 54. Bc8 1-0

[Event "Frankfurt-ch"]
[Site "Frankfurt"]
[Date "2007.05.14"]
[Round "3"]
[White "Biegel, Thomas"]
[Black "Orlinski, Wolfgang Max"]
[Result "1-0"]
[WhiteElo "2054"]
[BlackElo "1767"]
[PlyCount "71"]
[EventDate "2007.04.30"]
[EventType "swiss"]
[EventRounds "7"]
[EventCountry "GER"]
[SourceTitle "EXT 2008"]
[Source "ChessBase"]
[SourceDate "2007.11.25"]
[SourceVersion "1"]
[SourceVersionDate "2007.11.25"]
[SourceQuality "1"]

1. d4 Nf6 2. Nf3 e6 3. c4 d5 4. g3 Nbd7 5. Bg2 Be7 6. 0-0 0-0 7. b3 Ne4 8. Qc2 f5 9. Bf4 g5 10. Be5 g4 11. Nfd2 Nxe5 12. dxe5 c6 13. Nc3 Bg5 14. e3 Bh6 15. Rad1 Nxd2 16. Rxd2 Qc7 17. cxd5 cxd5 18. Nxd5 Qxe5 19. Nf4 a5 20. Rfd1 Bg5 21. Nd3 Qb8 22. Nc5 b6 23. Nd7 Bxd7 24. Bxa8 Bb5 25. Bg2 Be7 26. a4 Rc8 27. Qb2 Be8 28. Rc2 Rxc2 29. Qxc2 Bc5 30. Qc3 Qc7 31. Qf6 Bd7 32. h3 gxh3 33. Bxh3 Bxe3 34. fxe3 Qxg3+ 35. Bg2 Qxe3+ 36. Kh1 1-0

[Event "Frankfurt-ch"]
[Site "Frankfurt"]
[Date "2007.04.30"]
[Round "1"]
[White "Orlinski, Wolfgang Max"]
[Black "Solonar, Stefan"]
[Result "0-1"]
[WhiteElo "1767"]
[BlackElo "2345"]
[PlyCount "82"]
[EventDate "2007.04.30"]
[EventType "swiss"]
[EventRounds "7"]
[EventCountry "GER"]
[SourceTitle "EXT 2008"]
[Source "ChessBase"]
[SourceDate "2007.11.25"]
[SourceVersion "1"]
[SourceVersionDate "2007.11.25"]
[SourceQuality "1"]

1. c4 c5 2. Nc3 Nf6 3. Nf3 Nc6 4. g3 d5 5. cxd5 Nxd5 6. Bg2 Nc7 7. d3 e5 8. 0-0 f6 9. Be3 Be6 10. Rc1 Qd7 11. Nd2 Rc8 12. Nde4 Nd4 13. f4 exf4 14. Rxf4 Be7 15. Nxc5 Bxc5 16. Na4 Nf3+ 17. Rxf3 Bxe3+ 18. Rxe3 Qd4 19. Qd2 0-0 20. Nc3 f5 21. Kh1 Rce8 22. Rf1 b5 23. Rf4 Qd6 24. a3 a5 25. b4 g5 26. Rf1 axb4 27. axb4 Qxb4 28. Re5 h6 29. h4 Qd4 30. Rxb5 Nxb5 31. Nxb5 Qe5 32. hxg5 Qxb5 33. gxh6 f4 34. Rxf4 Rxf4 35. Qxf4 Qh5+ 36. Kg1 Rf8 37. Qe3 Rf6 38. d4 Rxh6 39. Qf4 Kg7 40. e4 Qh2+ 41. Kf2 Rf6 0-1